| 000 | 00369nam a22001577a 4500 | ||
|---|---|---|---|
| 005 | 20160426152631.0 | ||
| 008 | 160426b xxu||||| |||| 00| 0 eng d | ||
| 020 | _a81-203-2235-05 | ||
| 041 | _aeng | ||
| 082 | _b00160 | ||
| 100 |
_aTana, Hamdy A _958 |
||
| 245 | _aOperations Research: An Introduction | ||
| 260 |
_aNew Delhi _bPHI. _c2004 |
||
| 300 | _a830 | ||
| 942 | _cBK | ||
| 999 |
_c41 _d41 |
||